<?xml version="1.0" encoding="UTF-8"?>
<record
    xmlns:xsi="http://www.w3.org/2001/XMLSchema-instance"
    xsi:schemaLocation="http://www.loc.gov/MARC21/slim http://www.loc.gov/standards/marcxml/schema/MARC21slim.xsd"
    xmlns="http://www.loc.gov/MARC21/slim">

  <leader>00583nam a22002417a 4500</leader>
  <controlfield tag="003">UA-OsUOA</controlfield>
  <controlfield tag="001"> 638 </controlfield>
  <controlfield tag="007">ta</controlfield>
  <controlfield tag="008">20050622b un ||||| |||| 00| 0 ukr d</controlfield>
  <datafield tag="100" ind1=" " ind2=" ">
    <subfield code="a">&#x411;&#x435;&#x439;&#x434;&#x438;&#x43A; &#x41E;.&#x41E;.</subfield>
  </datafield>
  <datafield tag="090" ind1=" " ind2=" ">
    <subfield code="a">(038)91</subfield>
    <subfield code="b">&#x411;41</subfield>
  </datafield>
  <datafield tag="942" ind1=" " ind2=" ">
    <subfield code="c">BK</subfield>
  </datafield>
  <datafield tag="040" ind1=" " ind2=" ">
    <subfield code="a">UA-OsUOA</subfield>
    <subfield code="b">ukr</subfield>
    <subfield code="c">UA-OsUOA</subfield>
    <subfield code="d">UA-OsUOA</subfield>
  </datafield>
  <datafield tag="245" ind1=" " ind2=" ">
    <subfield code="a">&#x413;&#x435;&#x43E;&#x433;&#x440;&#x430;&#x444;&#x456;&#x44F;</subfield>
    <subfield code="b">&#x41A;&#x43E;&#x440;&#x43E;&#x442;&#x43A;&#x438;&#x439; &#x442;&#x43B;&#x443;&#x43C;&#x430;&#x447;&#x43D;&#x438;&#x439; &#x441;&#x43B;&#x43E;&#x432;&#x43D;&#x438;&#x43A;</subfield>
  </datafield>
  <datafield tag="300" ind1=" " ind2=" ">
    <subfield code="a">192 &#x441;.</subfield>
  </datafield>
  <datafield tag="955" ind1=" " ind2=" ">
    <subfield code="a">2</subfield>
  </datafield>
  <datafield tag="041" ind1=" " ind2=" ">
    <subfield code="a">ukr</subfield>
  </datafield>
  <datafield tag="080" ind1=" " ind2=" ">
    <subfield code="a">(038)91</subfield>
  </datafield>
  <datafield tag="020" ind1=" " ind2=" ">
    <subfield code="a">966-06-0061-5</subfield>
  </datafield>
  <datafield tag="260" ind1=" " ind2=" ">
    <subfield code="a">&#x41A;.</subfield>
    <subfield code="b">&#x41B;&#x438;&#x431;&#x456;&#x434;&#x44C;</subfield>
    <subfield code="c">2001</subfield>
  </datafield>
  <datafield tag="650" ind1=" " ind2="7">
    <subfield code="2">UDC</subfield>
  </datafield>
  <datafield tag="999" ind1=" " ind2=" ">
    <subfield code="c">286803</subfield>
    <subfield code="d">286803</subfield>
  </datafield>
  <datafield tag="952" ind1=" " ind2=" ">
    <subfield code="0">0</subfield>
    <subfield code="1">0</subfield>
    <subfield code="2">udc</subfield>
    <subfield code="4">0</subfield>
    <subfield code="7">0</subfield>
    <subfield code="a">101</subfield>
    <subfield code="b">101</subfield>
    <subfield code="d">2005-06-22</subfield>
    <subfield code="e">98/2005</subfield>
    <subfield code="g">2.00</subfield>
    <subfield code="i">86385</subfield>
    <subfield code="l">0</subfield>
    <subfield code="o">(038)91 &#x411;41</subfield>
    <subfield code="p">86385</subfield>
    <subfield code="r">2022-01-19 00:00:00</subfield>
    <subfield code="w">2005-06-22</subfield>
    <subfield code="y">BK</subfield>
  </datafield>
  <datafield tag="952" ind1=" " ind2=" ">
    <subfield code="0">0</subfield>
    <subfield code="1">0</subfield>
    <subfield code="2">udc</subfield>
    <subfield code="4">0</subfield>
    <subfield code="7">0</subfield>
    <subfield code="a">101</subfield>
    <subfield code="b">101</subfield>
    <subfield code="d">2005-06-22</subfield>
    <subfield code="e">98/2005</subfield>
    <subfield code="g">2.00</subfield>
    <subfield code="i">86386</subfield>
    <subfield code="l">0</subfield>
    <subfield code="o">(038)91 &#x411;41</subfield>
    <subfield code="p">86386</subfield>
    <subfield code="r">2022-01-19 00:00:00</subfield>
    <subfield code="w">2005-06-22</subfield>
    <subfield code="y">BK</subfield>
  </datafield>
  <datafield tag="952" ind1=" " ind2=" ">
    <subfield code="0">0</subfield>
    <subfield code="1">0</subfield>
    <subfield code="2">udc</subfield>
    <subfield code="4">0</subfield>
    <subfield code="7">0</subfield>
    <subfield code="a">101</subfield>
    <subfield code="b">101</subfield>
    <subfield code="d">2005-06-22</subfield>
    <subfield code="e">98/2005</subfield>
    <subfield code="g">2.00</subfield>
    <subfield code="i">86387</subfield>
    <subfield code="l">0</subfield>
    <subfield code="o">(038)91 &#x411;41</subfield>
    <subfield code="p">86387</subfield>
    <subfield code="r">2022-01-19 00:00:00</subfield>
    <subfield code="w">2005-06-22</subfield>
    <subfield code="y">BK</subfield>
  </datafield>
  <datafield tag="952" ind1=" " ind2=" ">
    <subfield code="0">0</subfield>
    <subfield code="1">0</subfield>
    <subfield code="2">udc</subfield>
    <subfield code="4">0</subfield>
    <subfield code="7">0</subfield>
    <subfield code="a">101</subfield>
    <subfield code="b">101</subfield>
    <subfield code="d">2005-06-22</subfield>
    <subfield code="e">98/2005</subfield>
    <subfield code="g">2.00</subfield>
    <subfield code="i">86388</subfield>
    <subfield code="l">0</subfield>
    <subfield code="o">(038)91 &#x411;41</subfield>
    <subfield code="p">86388</subfield>
    <subfield code="r">2022-01-19 00:00:00</subfield>
    <subfield code="w">2005-06-22</subfield>
    <subfield code="y">BK</subfield>
  </datafield>
  <datafield tag="952" ind1=" " ind2=" ">
    <subfield code="0">0</subfield>
    <subfield code="1">0</subfield>
    <subfield code="2">udc</subfield>
    <subfield code="4">0</subfield>
    <subfield code="7">0</subfield>
    <subfield code="a">101</subfield>
    <subfield code="b">101</subfield>
    <subfield code="d">2005-06-22</subfield>
    <subfield code="e">98/2005</subfield>
    <subfield code="g">2.00</subfield>
    <subfield code="i">86389</subfield>
    <subfield code="l">0</subfield>
    <subfield code="o">(038)91 &#x411;41</subfield>
    <subfield code="p">86389</subfield>
    <subfield code="r">2022-01-18 00:00:00</subfield>
    <subfield code="w">2005-06-22</subfield>
    <subfield code="y">BK</subfield>
  </datafield>
</record>
